000 00262nam a22001097a 4500
082 _a621.381 RIS'E
100 _aRISSE, JOSEPH A
_941588
245 _aELECTRIC TEST INSTRUMENT HANDBOOK
260 _aNEWYORK
_bHOWARD W. SAMS
_c1964
300 _a288P
942 _cBK
999 _c579346
_d579346